From centrally planned to market economies : The Asian approach
Volume Three completes the series with explorations of the Lao People's Democratic Republic, Myanmar, and Vietnam.
Đã lưu trong:
| Formáid: | Leabhar |
|---|---|
| Teanga: | Undetermined |
| Foilsithe: |
Oxford
Oxford University Press
1996
|
| Clibeanna: |
Cuir Clib Leis
Gan Chlibeanna, Bí ar an gcéad duine leis an taifead seo a chlibeáil!
|
| Thư viện lưu trữ: | Trung tâm Học liệu Trường Đại học Cần Thơ |
|---|
| LEADER | 00625nam a2200181Ia 4500 | ||
|---|---|---|---|
| 001 | CTU_223537 | ||
| 008 | 210402s9999 xx 000 0 und d | ||
| 082 | |a 338.95 | ||
| 082 | |b F931/Vol.3 | ||
| 245 | 0 | |a From centrally planned to market economies : | |
| 245 | 4 | |b The Asian approach | |
| 245 | 0 | |c Edited by Pradumma B. Rana, Naved Hamid | |
| 260 | |a Oxford | ||
| 260 | |b Oxford University Press | ||
| 260 | |c 1996 | ||
| 520 | |a Volume Three completes the series with explorations of the Lao People's Democratic Republic, Myanmar, and Vietnam. | ||
| 904 | |i Trúc | ||
| 980 | |a Trung tâm Học liệu Trường Đại học Cần Thơ | ||